Statistiques concernant Culture Générale - Série 474

Cliquez ici pour prendre le quiz!

Statistiques générales

  • Ce quiz a été pris 155 fois
  • Le résultat moyen est 4 sur 10

Statistiques - réponses

QuestionRéponse% Correct
Quel roi parti guerroyer retrouve son trône après une longue odyssée ?Ulysse
78%
Quelle est la ville la plus peuplée du Brésil ?Sao Paulo
69%
Quel roi change tout ce qu'il touche en or ?Midas
57%
Qui construisit le Labyrinthe où fut enfermé le Minotaure ?Dédale
52%
En face de la statue du Corcovado, quel pic rocheux haut de 395 mètres est un symbole de Rio de Janeiro ?Le Pain de sucre
48%
Quel rôle de femme, adapté d'un film avec Robin Williams, Michel Leeb a‐t‐il joué au théâtre en 2001 ?Madame Doubtfire
46%
Quel poète va rechercher sa fiancée morte aux Enfers ?Orphée
37%
Quelle ville du Brésil, capitale de l'Etat de Parà, porte le même nom qu'un quartier de Lisbonne ?Belém
19%
En 2003, quel film raconte la vie de Petit Dé et de Fusée, deux jeunes qui grandissent dans une favela ?La Cité de Dieu
17%
Quel moyen de transport en bois, utilisé par les pêcheurs brésiliens, a donné son nom à un roman de Jules Verne ?La jangada
3%

Distribution des résultats

Percentile par nombre de réponses

% des personnes avec chaque résultat

Votre développement - résultats

Vous n’avez pas pris ce quiz